Normal view
MARC view
- Technology, Pharmaceutical.
Entry Topical Term
001 - CONTROL NUMBER
- control field: 2896
003 - CONTROL NUMBER IDENTIFIER
- control field: NUST
005 - DATE AND TIME OF LATEST TRANSACTION
- control field: 20170620121312.0
008 - FIXED-LENGTH DATA ELEMENTS
- fixed length control field: 170620|| aca||aabn | a|a d
040 ## - CATALOGING SOURCE
- Original cataloging agency: NUST
- Transcribing agency: NUST
150 ## - HEADING--TOPICAL TERM
- Topical term or geographic name entry element: Technology, Pharmaceutical.
670 ## - SOURCE DATA FOUND
- Source citation: Work cat.: (NUST)0: Rapid microbiological methods in the pharmaceutical industry /, c2003.
